01051nam a2200265 a 4500999001300000001000600013003000900019005001700028008004100045020001500086040003800101082001900139100002900158245006700187260004600254300003000300500002200330650002400352650002500376650001800401942001500419952011700434952011700551952011700668 c758d75815371BD-DhUAP20200127151630.0200127s1999 bg 001 0 eng d a8170249988 aBD-DhUAPcBD-DhUAPbEngdBD-DhUAP00a345.05 UPA223 aUpadhyay, Chandra Mohan. aHuman rights in pre-trial detention /cChandra Mohan Upadhyay. aNew Delhi :bA. P. H. publishing,cc1999. axxxi, 212 pages ;c23 cm. aIncludes indexes. aCriminal procedure  aDetention of persons aHuman rights. 2ddccBK06 00102ddc4070aUAPCLbUAPCLcGeneral Stacksd2020-01-27o345.05 UPAp3010015371r2020-01-27t1w2020-01-27yBK 00102ddc4070aUAPCLbUAPCLcGeneral Stacksd2020-01-27o345.05 UPAp3010015621r2020-01-27t2w2020-01-27yBK 00102ddc4070aUAPCLbUAPCLcGeneral Stacksd2020-01-27o345.05 UPAp3010015620r2020-01-27t3w2020-01-27yBK